Managing pests and pesticides in small scale agriculture. (Record no. 162854)
[ view plain ]
| 000 -LEADER | |
|---|---|
| fixed length control field | 00633cam2a220016900 4500 |
| 001 - CONTROL NUMBER | |
| control field | zam00000320 |
| 035 ## - SYSTEM CONTROL NUMBER | |
| System control number | (Sirsi) r17847 |
| 050 ## - LIBRARY OF CONGRESS CALL NUMBER | |
| Classification number | SB 951 VAN 1992 |
| 008 - FIXED-LENGTH DATA ELEMENTS--GENERAL INFORMATION | |
| fixed length control field | 951128s1992 xx eng u |
| 245 00 - TITLE STATEMENT | |
| Title | Managing pests and pesticides in small scale agriculture. |
| 260 ## - PUBLICATION, DISTRIBUTION, ETC. | |
| Place of publication, distribution, etc. | Amsterdam : |
| Name of publisher, distributor, etc. | Inzet, |
| Date of publication, distribution, etc. | 1992. |
| 504 ## - BIBLIOGRAPHY, ETC. NOTE | |
| Bibliography, etc. note | Includes bibliographical references. |
| 650 ## - SUBJECT ADDED ENTRY--TOPICAL TERM | |
| Topical term or geographic name entry element | Pesticides -- Controlled release. |
| General subdivision | Pesticides -- Controlled release. |
| Linkage | S56712.1 |
| 650 ## - SUBJECT ADDED ENTRY--TOPICAL TERM | |
| Topical term or geographic name entry element | Pests -- Control. |
| General subdivision | Pests -- Control. |
| Linkage | S7282.1 |
| 700 ## - ADDED ENTRY--PERSONAL NAME | |
| Personal name | F. H. J. Van Schoubroeck et al. |
| Linkage | A76291.1 |
| 700 ## - ADDED ENTRY--PERSONAL NAME | |
| Personal name | Van Schoubroek, F. H. J. |
| Linkage | A76292.1 |
No items available.